000 00905cam a2200253 4500
001 WB3703-06
008 000000n2001 000 0 eng u
035 _a(Sirsi) u110439
245 _aMarket cautious despite growth
260 _c2001
490 _aRICS Press Release
_v(pr007) 17 January 2001(2)
520 _aThe RICS survey of the construction market reports continued growth in activity during 4Q 2000, making four and half years of rising workloads. Although concerns about an economic slowdown show in deterioration in surveyors' confidence for the next twelve months.
590 _aWB
650 _aRICS SURVEY
650 _aCONSTRUCTION MARKET
650 _aFORECASTS
650 _aOUTPUT
650 _aECONOMIC FACTORS
650 _aUNITED KINGDOM
650 _aSCOTLAND
650 _aPRIVATE HOUSING SECTOR
690 _aBUILT ENVIRONMENT-CONSTRUCTION MARKET
942 _n0
999 _c65842
_d65842